[Event "TTO-ch"]
[Site "Port of Spain"]
[Date "2018.10.14"]
[Round "1"]
[White "Yee, Frank"]
[Black "Ramoutar, Alan Safar"]
[Result "0-1"]
[WhiteElo "2017"]
[BlackElo "2168"]
[PlyCount "104"]
[EventDate "2018.10.14"]
[EventType "tourn"]
[EventRounds "11"]
[EventCountry "TRI"]
[SourceTitle "EXT 2020"]
[Source "ChessBase"]
[SourceDate "2019.10.17"]
[SourceVersion "1"]
[SourceVersionDate "2019.10.17"]
[SourceQuality "1"]

1. e4 c5 2. Nf3 g6 3. d4 cxd4 4. Nxd4 Nc6 5. c4 Nf6 6. Nc3 Nxd4 7. Qxd4 d6 8. Be2 Bg7 9. Be3 0-0 10. Qd2 a5 11. c5 a4 12. cxd6 Qxd6 13. Qxd6 exd6 14. Rd1 Be6 15. a3 Rfc8 16. f3 Nd7 17. Rc1 Nc5 18. 0-0 Nb3 19. Rc2 d5 20. exd5 Bf5 21. Rd2 Nxd2 22. Bxd2 Bd4+ 23. Kh1 Rd8 24. g4 Bc2 25. Bg5 f6 26. Bf4 Bb3 27. d6 Rac8 28. Bb5 Bxc3 29. bxc3 Rc5 30. c4 Bxc4 31. Rc1 Rxb5 32. Rxc4 Rb1+ 33. Kg2 b5 34. Rc7 g5 35. Bg3 Rb3 36. Re7 Rd3 37. Rb7 Rxa3 38. Rxb5 Rd7 39. Kf2 Kf7 40. Ra5 Ke6 41. Ke2 Rb7 42. Kd2 Rb2+ 43. Kc1 Rg2 44. Kb1 Rxf3 45. Rc5 Rf1+ 46. Rc1 Rxc1+ 47. Kxc1 a3 48. Kb1 Rd2 49. Ka1 Rxd6 50. Bxd6 Kxd6 51. Ka2 Ke5 52. Kxa3 Kf4 0-1

[Event "Port of Spain op"]
[Site "Port of Spain"]
[Date "2017.08.31"]
[Round "6"]
[White "Cupid, Kevin"]
[Black "Yee, Frank"]
[Result "1-0"]
[WhiteElo "2174"]
[BlackElo "2028"]
[PlyCount "89"]
[EventDate "2017.08.27"]
[EventType "swiss"]
[EventRounds "9"]
[EventCountry "TRI"]
[SourceTitle "CBM 180 Extra"]
[Source "ChessBase"]
[SourceDate "2017.10.06"]
[SourceVersion "1"]
[SourceVersionDate "2017.10.06"]
[SourceQuality "1"]

1. d4 d5 2. c4 e6 3. Nf3 Nf6 4. g3 Be7 5. Bg2 0-0 6. 0-0 b6 7. Qc2 Bb7 8. cxd5 exd5 9. Bf4 Bd6 10. Ne5 Na6 11. Nc3 c5 12. Nb5 Be7 13. dxc5 bxc5 14. Rfd1 Qb6 15. a4 Nb4 16. Qf5 Bc8 17. Qb1 Be6 18. Nd3 Nxd3 19. Qxd3 Rac8 20. a5 Qb7 21. Nd6 Bxd6 22. Bxd6 Rfd8 23. Be5 Ng4 24. Bc3 f6 25. f4 Qc7 26. h3 d4 27. Qe4 Bb3 28. Rd3 Bd5 29. Qxd5+ Rxd5 30. Bxd5+ Kh8 31. hxg4 dxc3 32. bxc3 Rb8 33. Kg2 Qe7 34. Bf3 g5 35. fxg5 fxg5 36. Rad1 Rf8 37. Rd7 Qe3 38. R1d3 Rxf3 39. Rxe3 Rxe3 40. Rxa7 Rxe2+ 41. Kf3 Rc2 42. Ke4 Rxc3 43. Rc7 h6 44. a6 Ra3 45. a7 1-0

[Event "Port of Spain op"]
[Site "Port of Spain"]
[Date "2017.08.31"]
[Round "7"]
[White "Yee, Frank"]
[Black "Harper, Ryan"]
[Result "1-0"]
[WhiteElo "2028"]
[BlackElo "2215"]
[PlyCount "113"]
[EventDate "2017.08.27"]
[EventType "swiss"]
[EventRounds "9"]
[EventCountry "TRI"]
[SourceTitle "CBM 180 Extra"]
[Source "ChessBase"]
[SourceDate "2017.10.06"]
[SourceVersion "1"]
[SourceVersionDate "2017.10.06"]
[SourceQuality "1"]

1. e4 c5 2. Nf3 e6 3. d4 cxd4 4. Nxd4 a6 5. c4 Qc7 6. Bd3 Nf6 7. 0-0 h5 8. h3 Bc5 9. Be3 g5 10. b4 Bxb4 11. Nd2 b6 12. Bxg5 Ng4 13. N4f3 Be7 14. Bxe7 Kxe7 15. Qb3 Nc6 16. Rab1 Rb8 17. Qa3+ Ke8 18. Qb2 Nge5 19. Be2 h4 20. Nd4 Nxd4 21. Qxd4 Rg8 22. f4 Ng6 23. e5 Ne7 24. Ne4 Nf5 25. Nd6+ Qxd6 26. Qxd6 Nxd6 27. exd6 Bb7 28. Bf3 Bxf3 29. Rxf3 Kf8 30. Rfb3 Rc8 31. Rxb6 Rxc4 32. Rxa6 Rg3 33. Rb2 Rxf4 34. Ra8+ Kg7 35. Rd8 Rd3 36. Rxd7 Rd1+ 37. Kh2 Rff1 38. g4 Rh1+ 39. Kg2 Rdg1+ 40. Kf2 Rg3 41. Rbb7 Rh2+ 42. Kf1 Rh1+ 43. Kf2 Rh2+ 44. Kf1 Rf3+ 45. Kg1 Rxa2 46. Re7 Kg6 47. Ra7 Rd2 48. d7 Kg5 49. Re8 Rb3 50. d8Q+ Rxd8 51. Rxd8 Kf4 52. Rxf7+ Kg3 53. Rdf8 e5 54. g5 e4 55. Re7 Rb1+ 56. Rf1 Rb2 57. Rc1 1-0

[Event "Port of Spain op"]
[Site "Port of Spain"]
[Date "2017.08.27"]
[Round "2"]
[White "Husbands, Orlando"]
[Black "Yee, Frank"]
[Result "1-0"]
[WhiteElo "2338"]
[BlackElo "2028"]
[PlyCount "105"]
[EventDate "2017.08.27"]
[EventType "swiss"]
[EventRounds "9"]
[EventCountry "TRI"]
[SourceTitle "CBM 180 Extra"]
[Source "ChessBase"]
[SourceDate "2017.10.06"]
[SourceVersion "1"]
[SourceVersionDate "2017.10.06"]
[SourceQuality "1"]

1. e4 e5 2. Nf3 Nc6 3. d4 exd4 4. Nxd4 Bc5 5. Nb3 Bb6 6. Nc3 Nge7 7. Qe2 0-0 8. Be3 f5 9. 0-0-0 d6 10. f4 Qe8 11. Bxb6 axb6 12. g3 fxe4 13. Qxe4 Bf5 14. Bc4+ Kh8 15. Qg2 Nb4 16. Nd4 c6 17. Rhe1 d5 18. Nxf5 Rxf5 19. Qe2 Rf7 20. Bd3 Nxd3+ 21. Rxd3 Qd7 22. a3 Nf5 23. Qf2 Qc7 24. Re5 Nd6 25. Qe2 Raf8 26. Re6 Nc4 27. Rd1 b5 28. Re1 Qa5 29. Re7 Qd8 30. Rxf7 Rxf7 31. Qe8+ Rf8 32. Qxd8 Rxd8 33. Re7 Nd6 34. Rc7 Kg8 35. Ne2 Re8 36. Nd4 Nc4 37. Kb1 Re4 38. Nf5 g6 39. Nh6+ Kh8 40. Ng4 Re6 41. Rxb7 h5 42. Ne5 Nxe5 43. fxe5 Rxe5 44. Rc7 Re6 45. b3 g5 46. Kb2 Re2 47. a4 bxa4 48. bxa4 Re4 49. Kb3 Rc4 50. a5 Rc5 51. a6 Rb5+ 52. Kc3 Ra5 53. a7 1-0

[Event "Port of Spain op"]
[Site "Port of Spain"]
[Date "2017.08.27"]
[Round "1"]
[White "Yee, Frank"]
[Black "Maharaj, Varenyam"]
[Result "1-0"]
[WhiteElo "2028"]
[BlackElo "1572"]
[PlyCount "61"]
[EventDate "2017.08.27"]
[EventType "swiss"]
[EventRounds "9"]
[EventCountry "TRI"]
[SourceTitle "CBM 180 Extra"]
[Source "ChessBase"]
[SourceDate "2017.10.06"]
[SourceVersion "1"]
[SourceVersionDate "2017.10.06"]
[SourceQuality "1"]

1. e4 c5 2. Nf3 d6 3. d4 cxd4 4. Nxd4 Nf6 5. Nc3 a6 6. Bc4 e6 7. Bb3 Be7 8. 0-0 0-0 9. a4 b6 10. f4 Qc7 11. Be3 Nbd7 12. Bxe6 fxe6 13. Nxe6 Qb8 14. Nxf8 Bxf8 15. Bd4 Bb7 16. Qe2 Qc7 17. Rae1 Re8 18. Qd3 Nc5 19. Qc4+ Ne6 20. Qxc7 Nxc7 21. Bxb6 Na8 22. e5 dxe5 23. fxe5 Nxb6 24. exf6 Bc5+ 25. Kh1 Rxe1 26. Rxe1 Bb4 27. Re8+ Kf7 28. Rb8 Bc6 29. Rxb6 Bxc3 30. Rxc6 Bxb2 31. fxg7 1-0

[Event "Port of Spain op 44th"]
[Site "Port of Spain"]
[Date "2017.05.04"]
[Round "3"]
[White "Seaforth, Sylvan"]
[Black "Yee, Frank"]
[Result "1-0"]
[WhiteElo "1755"]
[BlackElo "2052"]
[PlyCount "101"]
[EventDate "2017.04.20"]
[EventType "swiss"]
[EventRounds "7"]
[EventCountry "TRI"]
[SourceTitle "EXT 2018"]
[Source "ChessBase"]
[SourceDate "2017.10.13"]
[SourceVersion "1"]
[SourceVersionDate "2017.10.13"]
[SourceQuality "1"]

1. d4 Nf6 2. Bf4 d5 3. Nd2 e6 4. Ngf3 Be7 5. e3 0-0 6. Bd3 c5 7. c3 b6 8. Qe2 Bb7 9. Ne5 Nc6 10. Rc1 Rc8 11. g4 cxd4 12. Nxc6 Bxc6 13. exd4 Bd6 14. Bg3 Qc7 15. g5 Nd7 16. Qh5 g6 17. Qh4 e5 18. 0-0 e4 19. Be2 f5 20. gxf6 Nxf6 21. f4 Rce8 22. Rce1 Qg7 23. Kh1 Rf7 24. Rg1 Bd7 25. f5 Bxg3 26. Rxg3 Bxf5 27. Nf1 Kh8 28. Ne3 Qf8 29. Reg1 Qe7 30. Bb5 Rg8 31. Nxf5 Qe6 32. Nh6 Rgf8 33. Rxg6 hxg6 34. Nxf7+ Kg7 35. Ne5 Qf5 36. Rxg6+ Qxg6 37. Nxg6 Kxg6 38. Qg3+ Kf7 39. Qc7+ Kg6 40. Qxa7 Kf5 41. Qxb6 Rg8 42. Qd6 Rg5 43. Qe5+ Kg6 44. Be8+ Nxe8 45. Qxe8+ Kf6 46. h4 Rf5 47. h5 Kg5 48. Qg6+ Kf4 49. h6 e3 50. Qxf5+ Kxf5 51. Kg2 1-0

[Event "Port of Spain op 44th"]
[Site "Port of Spain"]
[Date "2017.04.27"]
[Round "2"]
[White "Yee, Frank"]
[Black "Lee, Hayden"]
[Result "1/2-1/2"]
[WhiteElo "2052"]
[BlackElo "1845"]
[PlyCount "75"]
[EventDate "2017.04.20"]
[EventType "swiss"]
[EventRounds "7"]
[EventCountry "TRI"]
[SourceTitle "EXT 2018"]
[Source "ChessBase"]
[SourceDate "2017.10.13"]
[SourceVersion "1"]
[SourceVersionDate "2017.10.13"]
[SourceQuality "1"]

1. e4 c5 2. Nf3 b6 3. d4 cxd4 4. Nxd4 Bb7 5. Bd3 g6 6. c4 Bg7 7. Nc2 Nc6 8. Nc3 Nf6 9. 0-0 Ne5 10. Ne3 Nxd3 11. Qxd3 0-0 12. f4 d6 13. Bd2 Nd7 14. Rae1 Nc5 15. Qc2 Rc8 16. Ned5 e6 17. Nb4 a6 18. a4 f5 19. exf5 gxf5 20. Be3 Rf6 21. Rf2 Rh6 22. Qd1 Qh4 23. h3 Rg6 24. Kf1 Qg3 25. Ke2 Bxc3 26. bxc3 Ne4 27. Qd4 Nxf2 28. Bxf2 Qxg2 29. Rg1 Qf3+ 30. Kd2 Kf7 31. Rxg6 hxg6 32. Bh4 e5 33. fxe5 g5 34. Qxd6 Qf4+ 35. Kc2 Qxh4 36. Qf6+ Kg8 37. Qg6+ Kh8 38. Qf6+ 1/2-1/2

[Event "TTO-ch"]
[Site "Port of Spain"]
[Date "2016.10.30"]
[Round "10"]
[White "Yee, Frank"]
[Black "Ramadhar, Kishore"]
[Result "1/2-1/2"]
[WhiteElo "2052"]
[BlackElo "2010"]
[PlyCount "25"]
[EventDate "2016.10.15"]
[EventType "tourn"]
[EventRounds "11"]
[EventCountry "TRI"]
[SourceTitle "CBM 175 Extra"]
[Source "ChessBase"]
[SourceDate "2016.12.12"]
[SourceVersion "1"]
[SourceVersionDate "2016.12.12"]
[SourceQuality "1"]

1. e4 c5 2. Nf3 Nc6 3. d4 cxd4 4. Nxd4 g6 5. c4 Nf6 6. Nc3 Nxd4 7. Qxd4 Bg7 8. Be2 d6 9. 0-0 0-0 10. Bg5 Be6 11. Rac1 Nd5 12. Qd2 Nxc3 13. bxc3 1/2-1/2

[Event "TTO-ch"]
[Site "Port of Spain"]
[Date "2016.10.23"]
[Round "7"]
[White "Johnson, Joshua"]
[Black "Yee, Frank"]
[Result "1-0"]
[WhiteElo "2119"]
[BlackElo "2052"]
[PlyCount "97"]
[EventDate "2016.10.15"]
[EventType "tourn"]
[EventRounds "11"]
[EventCountry "TRI"]
[SourceTitle "CBM 175 Extra"]
[Source "ChessBase"]
[SourceDate "2016.12.12"]
[SourceVersion "1"]
[SourceVersionDate "2016.12.12"]
[SourceQuality "1"]

1. e4 e5 2. Nf3 Nc6 3. Bb5 a6 4. Ba4 Nf6 5. 0-0 Be7 6. Re1 b5 7. Bb3 0-0 8. a4 Rb8 9. axb5 axb5 10. Nc3 d6 11. h3 Nd4 12. Nxd4 exd4 13. Ne2 c5 14. d3 d5 15. e5 Ne8 16. c3 dxc3 17. bxc3 Bb7 18. Ng3 g6 19. d4 c4 20. Bc2 b4 21. cxb4 Bxb4 22. Re3 Ng7 23. f4 f5 24. Ba3 Bxa3 25. Rexa3 Ne6 26. Qd2 Qh4 27. Ne2 Ra8 28. Ra7 Bc6 29. Rxa8 Rxa8 30. Rxa8+ Bxa8 31. Ba4 Qe7 32. Qa5 Bb7 33. Qb6 Kf7 34. Kf2 Qc7 35. Qb4 h6 36. g3 Bc6 37. Nc3 Nxd4 38. Qc5 Qb7 39. Qxd4 Qb2+ 40. Kf3 Bxa4 41. Qxd5+ Kg7 42. Qxc4 Qa3 43. Qc7+ Kg8 44. Qd8+ Kh7 45. Qc7+ Kg8 46. e6 Bd1+ 47. Ke3 Qc1+ 48. Kd4 Bb3 49. Qb8+ 1-0

[Event "TTO-ch"]
[Site "Port of Spain"]
[Date "2016.10.23"]
[Round "6"]
[White "Yee, Frank"]
[Black "Thomas, Rickson"]
[Result "1-0"]
[WhiteElo "2052"]
[BlackElo "1843"]
[PlyCount "65"]
[EventDate "2016.10.15"]
[EventType "tourn"]
[EventRounds "11"]
[EventCountry "TRI"]
[SourceTitle "CBM 175 Extra"]
[Source "ChessBase"]
[SourceDate "2016.12.12"]
[SourceVersion "1"]
[SourceVersionDate "2016.12.12"]
[SourceQuality "1"]

1. e4 c6 2. d4 d5 3. e5 Bf5 4. Bd3 Bxd3 5. Qxd3 e6 6. Ne2 Nd7 7. 0-0 c5 8. c3 Ne7 9. a3 Nc6 10. b4 cxd4 11. cxd4 Be7 12. f4 0-0 13. Be3 Rc8 14. f5 exf5 15. Qxf5 Nb6 16. Nbc3 Nc4 17. Bf4 g6 18. Qh3 Bg5 19. Bxg5 Qxg5 20. Nxd5 Kg7 21. Rf4 h5 22. Raf1 Rcd8 23. Nf6 Nd2 24. R1f2 Nc4 25. Nd7 Ne7 26. Nxf8 Rxf8 27. Qb3 b5 28. h4 Qh6 29. Qf3 Nf5 30. Ng3 Ncd6 31. Nxf5+ Nxf5 32. Qc6 Rd8 33. Qf6+ 1-0

[Event "Port of Spain op"]
[Site "Port of Spain"]
[Date "2016.07.31"]
[Round "4"]
[White "Yee, Frank"]
[Black "Browne, Paul"]
[Result "1-0"]
[WhiteElo "2046"]
[BlackElo "1906"]
[PlyCount "87"]
[EventDate "2016.07.29"]
[EventType "swiss"]
[EventRounds "9"]
[EventCountry "TRI"]
[SourceTitle "EXT 2017"]
[Source "ChessBase"]
[SourceDate "2016.10.25"]
[SourceVersion "1"]
[SourceVersionDate "2016.10.25"]
[SourceQuality "1"]

1. e4 d6 2. d4 Nf6 3. Bd3 g6 4. f4 Bg7 5. Nf3 0-0 6. 0-0 c5 7. c3 Bg4 8. h3 Bxf3 9. Qxf3 cxd4 10. cxd4 Nc6 11. Be3 Rc8 12. Nc3 Na5 13. e5 Ne8 14. Rad1 a6 15. a4 Nc7 16. Be4 Nc4 17. Bc1 b5 18. b3 Na5 19. b4 Nc4 20. a5 e6 21. d5 Qe7 22. dxe6 fxe6 23. exd6 Nxd6 24. Be3 Rfd8 25. Bc5 Bxc3 26. Qxc3 Nce8 27. Qe5 Qc7 28. Qxe6+ Qf7 29. Bd5 Kg7 30. Qe3 Nf5 31. Qb3 Rxd5 32. Qxd5 Kg8 33. Qxf7+ Kxf7 34. Rd7+ Kg8 35. Rfd1 Nf6 36. Rd8+ Rxd8 37. Rxd8+ Kf7 38. Ra8 Nd5 39. Rxa6 Nxf4 40. Rb6 Ne2+ 41. Kf2 Nc3 42. a6 Ne4+ 43. Kg1 Nxc5 44. bxc5 1-0

[Event "TRI-ch"]
[Site "Port of Spain"]
[Date "2013.09.14"]
[Round "5"]
[White "Yee, Frank"]
[Black "Winter Atwell, Adrian"]
[Result "0-1"]
[WhiteElo "2093"]
[BlackElo "2051"]
[PlyCount "96"]
[EventDate "2013.09.07"]
[EventType "tourn"]
[EventRounds "11"]
[EventCountry "TRI"]
[SourceTitle "CBM 156 Extra"]
[Source "ChessBase"]
[SourceDate "2013.10.22"]
[SourceVersion "1"]
[SourceVersionDate "2013.10.22"]
[SourceQuality "1"]

1. e4 e5 2. Nf3 Nc6 3. Bc4 Bc5 4. c3 Nf6 5. b4 Bb6 6. d3 d6 7. Bg5 h6 8. Bh4 Qe7 9. a4 a5 10. b5 Nd8 11. Nbd2 0-0 12. 0-0 c6 13. Rb1 cxb5 14. Bxb5 Bc7 15. Re1 Ne6 16. d4 Nf4 17. Bg3 N6h5 18. Qb3 Qf6 19. Bf1 Nxg3 20. hxg3 Ne6 21. Qc4 Ra6 22. d5 Nc5 23. Nb3 Bb6 24. Nxc5 Bxc5 25. Rb2 Ra8 26. Reb1 b6 27. Ne1 Qg6 28. Rxb6 Bxb6 29. Rxb6 Bd7 30. Bd3 f5 31. exf5 Bxf5 32. Be2 Qf6 33. f3 Rfc8 34. Qb3 e4 35. c4 Re8 36. f4 Qd4+ 37. Kf1 Rad8 38. Qb5 Bd7 39. Qxa5 Bxa4 40. Rb7 Bd1 41. Qc7 Bxe2+ 42. Kxe2 Ra8 43. Nc2 Qd3+ 44. Ke1 Qxg3+ 45. Kd1 e3 46. Qf7+ Kh8 47. Nd4 e2+ 48. Kc2 e1Q 0-1

[Event "TRI-ch"]
[Site "Port of Spain"]
[Date "2013.09.08"]
[Round "3"]
[White "Yee, Frank"]
[Black "Harper, Ryan"]
[Result "1-0"]
[WhiteElo "2093"]
[BlackElo "2264"]
[PlyCount "57"]
[EventDate "2013.09.07"]
[EventType "tourn"]
[EventRounds "11"]
[EventCountry "TRI"]
[SourceTitle "CBM 156 Extra"]
[Source "ChessBase"]
[SourceDate "2013.10.22"]
[SourceVersion "1"]
[SourceVersionDate "2013.10.22"]
[SourceQuality "1"]

1. d4 d5 2. c4 c6 3. cxd5 cxd5 4. Nc3 Nf6 5. Nf3 g6 6. Bg5 Ne4 7. Bf4 Nc6 8. e3 Qa5 9. Qb3 e5 10. Nxe5 Nxe5 11. Bxe5 Bb4 12. Rc1 Bd7 13. a3 Bxc3+ 14. bxc3 f6 15. f3 fxe5 16. fxe4 exd4 17. exd4 dxe4 18. Qxb7 Qxa3 19. Qxa8+ Kf7 20. Qd5+ Be6 21. Qb7+ Kf6 22. Qb1 Kg7 23. Be2 Rb8 24. Qa1 Qf8 25. Rf1 Qd6 26. Qxa7+ Kh6 27. Qc5 Qd8 28. Qe5 Bf5 29. g4 1-0

[Event "TRI-ch"]
[Site "Port of Spain"]
[Date "2013.09.07"]
[Round "2"]
[White "Johnson, Joshua"]
[Black "Yee, Frank"]
[Result "1-0"]
[WhiteElo "1953"]
[BlackElo "2093"]
[PlyCount "71"]
[EventDate "2013.09.07"]
[EventType "tourn"]
[EventRounds "11"]
[EventCountry "TRI"]
[SourceTitle "CBM 156 Extra"]
[Source "ChessBase"]
[SourceDate "2013.10.22"]
[SourceVersion "1"]
[SourceVersionDate "2013.10.22"]
[SourceQuality "1"]

1. e4 e6 2. d3 d5 3. Nd2 c5 4. g3 Nc6 5. Bg2 Nf6 6. f4 d4 7. h3 Be7 8. Ngf3 0-0 9. 0-0 Rb8 10. g4 b5 11. a3 Bb7 12. Nh2 e5 13. f5 Nd7 14. Qe2 Nb6 15. Ndf3 c4 16. g5 f6 17. g6 h6 18. Nh4 Re8 19. Qh5 Bf8 20. Rf3 cxd3 21. cxd3 Na5 22. Rg3 Nb3 23. Rb1 Nxc1 24. Rxc1 Rc8 25. Qd1 Na4 26. Qb3+ Kh8 27. Rxc8 Qxc8 28. Ng4 Qd7 29. Qf7 Qxf7 30. gxf7 Rc8 31. Nxf6 gxf6 32. Rg8+ Kh7 33. Bf3 Nxb2 34. Bh5 Rc1+ 35. Kh2 Rc2+ 36. Kg3 1-0

[Event "De Verteuil Memorial 20th"]
[Site "Port of Spain"]
[Date "2012.11.08"]
[Round "4"]
[White "Yee, Frank"]
[Black "Wong, Samson"]
[Result "1/2-1/2"]
[WhiteElo "2099"]
[BlackElo "1655"]
[PlyCount "119"]
[EventDate "2012.10.18"]
[EventType "swiss"]
[EventRounds "7"]
[EventCountry "TRI"]
[SourceTitle "EXT 2024"]
[Source "ChessBase"]
[SourceDate "2023.10.10"]
[SourceVersion "1"]
[SourceVersionDate "2023.10.10"]
[SourceQuality "1"]

1. e4 c5 2. Nf3 Nc6 3. d4 cxd4 4. Nxd4 Nf6 5. Nc3 g6 6. Be2 Bg7 7. Nb3 0-0 8. 0-0 a6 9. a4 d6 10. Be3 Bd7 11. a5 Bc8 12. Bb6 Qe8 13. f4 Be6 14. Bf3 Nd7 15. Be3 Qd8 16. Nd5 Bxd5 17. exd5 Na7 18. c3 Nc8 19. Nd4 Na7 20. Qe2 Nf6 21. g4 Qd7 22. g5 Ne8 23. Bg4 Qd8 24. h4 Nc7 25. c4 f5 26. Bf3 Qd7 27. Qf2 Nc8 28. Ne6 Nxe6 29. dxe6 Qc7 30. Bd5 Rb8 31. Rfb1 b6 32. axb6 Nxb6 33. Rxa6 Nxd5 34. cxd5 Rb7 35. Rc6 Qb8 36. Bd4 Bxd4 37. Qxd4 Qa7 38. Qxa7 Rxa7 39. b4 Rb8 40. Kf2 Rab7 41. Rc4 Rb5 42. Rd4 Kg7 43. Rb2 h6 44. Kg3 h5 45. Kf3 Kf8 46. Ke3 Ke8 47. Kd3 Kd8 48. Kc3 R8b7 49. Kb3 Kc7 50. Rc2+ Kd8 51. Ra2 Rb8 52. Ra7 R5b7 53. Rxb7 Rxb7 54. Ka4 Ra7+ 55. Kb5 Kc7 56. Rc4+ Kb7 57. Rc6 Ra2 58. Rb6+ Ka7 59. Rc6 Kb7 60. Rb6+ 1/2-1/2

[Event "De Verteuil Memorial 20th"]
[Site "Port of Spain"]
[Date "2012.10.25"]
[Round "2"]
[White "Yee, Frank"]
[Black "Sears, Frank"]
[Result "1/2-1/2"]
[WhiteElo "2099"]
[BlackElo "1905"]
[PlyCount "51"]
[EventDate "2012.10.18"]
[EventType "swiss"]
[EventRounds "7"]
[EventCountry "TRI"]
[SourceTitle "EXT 2024"]
[Source "ChessBase"]
[SourceDate "2023.10.10"]
[SourceVersion "1"]
[SourceVersionDate "2023.10.10"]
[SourceQuality "1"]

1. e4 e5 2. Nc3 Nc6 3. Nf3 Nf6 4. Bb5 d6 5. d4 exd4 6. Nxd4 Bd7 7. Bxc6 bxc6 8. 0-0 Be7 9. Re1 0-0 10. e5 dxe5 11. Rxe5 Bd6 12. Re1 Re8 13. h3 Rxe1+ 14. Qxe1 Qe8 15. Bg5 Qxe1+ 16. Rxe1 Re8 17. Rxe8+ Nxe8 18. a3 h6 19. Be3 Nf6 20. Kf1 Nd5 21. Nxd5 cxd5 22. Nb3 a6 23. Bc5 Be5 24. c3 f5 25. Bd4 Bd6 26. Bc5 1/2-1/2

[Event "De Verteuil Memorial 17th"]
[Site "Port of Spain"]
[Date "2009.11.19"]
[Round "6"]
[White "Sears, Frank"]
[Black "Yee, Frank"]
[Result "1/2-1/2"]
[WhiteElo "1959"]
[BlackElo "2093"]
[PlyCount "76"]
[EventDate "2009.10.15"]
[EventType "swiss"]
[EventRounds "7"]
[EventCountry "TRI"]
[SourceTitle "EXT 2023"]
[Source "ChessBase"]
[SourceDate "2022.10.05"]
[SourceVersion "1"]
[SourceVersionDate "2022.10.05"]
[SourceQuality "1"]

1. d4 Nf6 2. c4 e6 3. Nf3 b6 4. g3 Bb7 5. Bg2 Be7 6. 0-0 0-0 7. Nc3 d6 8. Qc2 c5 9. e4 Nc6 10. d5 Nd4 11. Qd3 e5 12. Ne1 Nd7 13. f4 a6 14. Nf3 b5 15. b3 bxc4 16. bxc4 a5 17. a4 Ba6 18. Nb5 f6 19. f5 Nb6 20. Bd2 Bxb5 21. axb5 a4 22. Ra3 Ra7 23. Rfa1 Qc7 24. Be3 Rfa8 25. Nd2 Bf8 26. Bf3 Qf7 27. Bd1 g6 28. g4 h5 29. Qf1 Qh7 30. R1a2 Bh6 31. fxg6 Bxe3+ 32. Rxe3 Qxg6 33. Kh1 Qg5 34. Qf2 h4 35. h3 Rg7 36. Rea3 Rga7 37. Qe3 Qg6 38. Be2 Qg5 1/2-1/2

[Event "De Verteuil Memorial 17th"]
[Site "Port of Spain"]
[Date "2009.11.05"]
[Round "4"]
[White "Merritt, Mario"]
[Black "Yee, Frank"]
[Result "1/2-1/2"]
[WhiteElo "2141"]
[BlackElo "2093"]
[PlyCount "57"]
[EventDate "2009.10.15"]
[EventType "swiss"]
[EventRounds "7"]
[EventCountry "TRI"]
[SourceTitle "EXT 2023"]
[Source "ChessBase"]
[SourceDate "2022.10.05"]
[SourceVersion "1"]
[SourceVersionDate "2022.10.05"]
[SourceQuality "1"]

1. c4 e5 2. g3 Nf6 3. Bg2 d5 4. cxd5 Nxd5 5. Nf3 Nc6 6. 0-0 Nb6 7. b3 e4 8. Ne1 Qd4 9. Nc3 Bf5 10. Bb2 0-0-0 11. e3 Qxd2 12. Qxd2 Rxd2 13. Bc1 Rd8 14. Nxe4 Bb4 15. a3 Rhe8 16. axb4 Bxe4 17. b5 Nb4 18. Rxa7 Bxg2 19. Kxg2 Rd5 20. Ra5 Nc6 21. Ra3 Rxb5 22. Bb2 f6 23. Nf3 Rd8 24. Bd4 Nxd4 25. Nxd4 Rb4 26. Nc2 Rb5 27. Nd4 Rb4 28. Nc2 Rb5 29. Nd4 1/2-1/2

[Event "De Verteuil Memorial 17th"]
[Site "Port of Spain"]
[Date "2009.10.29"]
[Round "3"]
[White "Yee, Frank"]
[Black "Heerah, Rohan"]
[Result "1-0"]
[WhiteElo "2093"]
[BlackElo "2034"]
[PlyCount "61"]
[EventDate "2009.10.15"]
[EventType "swiss"]
[EventRounds "7"]
[EventCountry "TRI"]
[SourceTitle "EXT 2023"]
[Source "ChessBase"]
[SourceDate "2022.10.05"]
[SourceVersion "1"]
[SourceVersionDate "2022.10.05"]
[SourceQuality "1"]

1. e4 e6 2. d4 d5 3. e5 c5 4. c3 Nc6 5. Nf3 Qb6 6. a3 Bd7 7. b4 cxd4 8. cxd4 Nge7 9. Bb2 Nf5 10. g4 Nh6 11. h3 Be7 12. Nc3 Rc8 13. Na4 Qd8 14. Bd3 b6 15. 0-0 f6 16. Nc3 Nf7 17. Re1 fxe5 18. dxe5 h5 19. Bg6 hxg4 20. hxg4 Kf8 21. Kg2 Be8 22. Qd3 Bg5 23. Nb5 Bh4 24. Rh1 Rh6 25. Nxh4 Rxh4 26. Qf3 Kg8 27. Qg3 Rxh1 28. Rxh1 Qg5 29. Bxf7+ Kxf7 30. Nd6+ Kf8 31. Nxc8 1-0